000 01318cam a2200277 4500500
005 20260208000724.0
041 _afre
042 _adc
100 1 0 _aMermier, Franck
_eauthor
245 0 0 _aScenes from Beirut: Agonistic writings
260 _c2021.
500 _a52
520 _aThis article deals with the representations of Beirut through the writings of Lebanese intellectuals, writers, and journalists who, in the 2000s, were the protagonists of a public sphere structured by the print media. Their discursive production, which dealt with the identity of the city, its cultural role, and its division into political-sectarian territories, is directly linked to the political context and the violent events that occurred in the city after the assassination of Rafic Hariri in February 2005.
690 _aBeirut
690 _adiscursive production
690 _aintellectuals
690 _apublic sphere
690 _aurban representations
690 _aBeirut
690 _aDiscursive production
690 _aIntellectuals
690 _aPublic sphere
690 _aUrban representations
786 0 _nEthnologie française | 51 | 2 | 2021-07-01 | p. 299-308 | 0046-2616
856 4 1 _uhttps://shs.cairn.info/journal-ethnologie-francaise-2021-2-page-299?lang=en&redirect-ssocas=7080
999 _c1643904
_d1643904